Catalog

Record Details

Catalog Search



When jaguars ate the moon : and other stories about animals and plants of the Americas  Cover Image Book Book

When jaguars ate the moon : and other stories about animals and plants of the Americas / retold by María Cristina Brusca and Toña Wilson ; illustrated by María Cristina Brusca.

Brusca, María Cristina. (Author). Wilson, Toña. (Added Author).

Record details

  • ISBN: 0805027971
  • Physical Description: [42] pages : color illustrations, color map ; 24 x 29 cm.
  • Edition: 1st edition
  • Publisher: New York : Henry Holt, 1995.
Subject: Indians > Folklore > Juvenile literature.
Tales > America > Juvenile literature.
Plants > America > Folklore > Juvenile literature.
Animals > America > Folklore > Juvenile literature.

Available copies

  • 1 of 1 copy available at scottsboropl.

Holds

  • 0 current holds with 1 total copy.
Show Only Available Copies
Location Call Number / Copy Notes Barcode Shelving Location Status Due Date
scottsboropl J 398.24 Bru 32269000437452 Juvenile - NonFiction Available -

LDR 01141cam a2200277 a 4500
001124445
003CONS
00520140703073302.0
008931228s1995 nyuab j 000 0 eng
010 . ‡a 93050197 /AC
020 . ‡a0805027971
035 . ‡a(CPomAG)LMN488072
05000. ‡aE59.F6 ‡bB78 1995
08200. ‡a398.24/097 ‡220
1001 . ‡aBrusca, María Cristina.
24510. ‡aWhen jaguars ate the moon : ‡band other stories about animals and plants of the Americas / ‡cretold by María Cristina Brusca and Toña Wilson ; illustrated by María Cristina Brusca.
250 . ‡a1st edition
260 . ‡aNew York : ‡bHenry Holt, ‡c1995.
300 . ‡a[42] pages : ‡bcolor illustrations, color map ; ‡c24 x 29 cm.
650 0. ‡aIndians ‡vFolklore ‡vJuvenile literature.
650 0. ‡aTales ‡zAmerica ‡vJuvenile literature.
650 0. ‡aPlants ‡zAmerica ‡vFolklore ‡vJuvenile literature.
650 0. ‡aAnimals ‡zAmerica ‡vFolklore ‡vJuvenile literature.
7001 . ‡aWilson, Toña.
959 . ‡i32269000437452 ‡lJ398.24 Bru ‡aJuvenile - NonFiction ‡tJuv Nonfiction ‡g16.95
852 . ‡p32269000437452 ‡jJ398.24 Bru ‡gJuvenile - NonFiction ‡cJuv Nonfiction ‡y16.95 ‡bSBPL
901 . ‡a124445 ‡bUnknown ‡c124445 ‡tbiblio

Additional Resources